| 000 | 01004pam a2200313 i 4500 | ||
|---|---|---|---|
| 999 |
_c3091 _d3091 |
||
| 001 | 020149859 | ||
| 003 | UkOxU | ||
| 005 | 20231004114521.0 | ||
| 008 | 140312r20142003enka j 000 1 eng d | ||
| 015 |
_aGBB446690 _2bnb |
||
| 020 | _a9780141354873 (pbk.) : | ||
| 035 | _a(Uk)016707480 | ||
| 040 |
_aStDuBDS _beng _erda _cStDuBDS _dUk _dKH8 |
||
| 042 | _aukblcatcopy | ||
| 082 | 0 | 4 |
_a813.54 TAY _223 |
| 100 | 1 |
_aTaylor, Mildred D., _eauthor. |
|
| 245 | 1 | 0 |
_aRoll of thunder, hear my cry / _cMildred D. Taylor. |
| 264 | 1 |
_aLondon : _bPuffin, _c2014. |
|
| 300 |
_a338 pages : _billustrations (black and white) ; _c20 cm |
||
| 336 |
_atext _2rdacontent |
||
| 337 |
_aunmediated _2rdamedia |
||
| 338 |
_avolume _2rdacarrier |
||
| 500 | _aThis edition originally published: 2003. | ||
| 500 |
_aFormerly CIP. _5Uk |
||
| 650 | 0 |
_aLogan family (Fictitious characters : Taylor) _vFiction. |
|
| 650 | 0 |
_aAfrican American children _zMississippi _vFiction. |
|
| 655 | 0 | _aYoung adult fiction. | |
| 942 |
_2ddc _cFIC |
||